| 000 | 00444pab a2200169 454500 | ||
|---|---|---|---|
| 008 | 180718b2010 xxu||||| |||| 00| 0 eng d | ||
| 100 | _aDatta, Debabrata | ||
| 245 | _aWest Bengal government finance: A critical look | ||
| 260 | _c2010 | ||
| 300 | _ap.99-105. | ||
| 362 | _a30 Oct | ||
| 650 | _aPublic finance - India - West Bengal | ||
| 650 | _aPublic finance | ||
| 773 | _aEconomic and Political Weekly | ||
| 908 | _aN | ||
| 909 | _a89537 | ||
| 999 |
_c89537 _d89537 |
||